| 000 | 00540nam a2200169 a 4500 | ||
|---|---|---|---|
| 001 | 000028904 | ||
| 005 | 20200930055217.0 | ||
| 008 | 110412s1998 dr r 000 0 spa d | ||
| 040 |
_aDO-SdBNP _bspa _cBNPHU |
||
| 082 |
_axxx _bR426r |
||
| 110 | 1 |
_aRepública Dominicana _bSuprema Corte de Justicia _97906 |
|
| 245 | 1 | 0 | _aRecopilación Jurisprudencial agosto 1997 - marzo 1998. |
| 260 |
_aSanto Domingo : _bSuprema Corte de Justicia, _c1998. |
||
| 300 |
_a79 p. ; _c23 cm. |
||
| 490 | 1 |
_aJurisprudencia _v1 |
|
| 830 | 0 |
_aJurisprudencia _n1 _955866 |
|
| 999 |
_c28396 _d28396 |
||